Loading...
| Beliefs - Mythology | 0 | 4 | 0 | 2 | 40 | 92 | 125.75 | 0 | 4 |
| Literature - British Lit | 1 | 1 | 0 | 1 | 25 | 83 | 120.00 | 1 | 2 |
| History - Other History | 0 | 3 | 1 | 0 | 25 | 74 | 87.00 | 0 | 3 |
| History - American History | 0 | 2 | 0 | 0 | 20 | 80 | 86.00 | 0 | 2 |
| Science - Biology | 0 | 2 | 0 | 0 | 20 | 91 | 93.00 | 0 | 2 |
| Thought - Philosophy | 0 | 2 | 1 | 2 | 15 | 131 | 135.50 | 0 | 1 |
| Science - Chemistry | 0 | 1 | 0 | 1 | 10 | 120 | 120.00 | 0 | 1 |
| History - World History | 1 | 0 | 1 | 0 | 10 | 48 | 48.00 | 1 | 1 |
| Arts - Other Arts | 0 | 1 | 0 | 0 | 10 | 110 | 110.00 | 0 | 1 |
| Beliefs - Religion | 0 | 1 | 0 | 0 | 10 | 119 | 119.00 | 0 | 0 |
| Arts - Music | 0 | 1 | 0 | 0 | 10 | 85 | 85.00 | 1 | 1 |
| Other - Geo/CE | 0 | 1 | 0 | 0 | 10 | 106 | 106.00 | 0 | 1 |
| Other - Pop Culture | 0 | 1 | 0 | 0 | 10 | 93 | 93.00 | 1 | 1 |
| History - Euro History | 0 | 1 | 1 | 1 | 5 | 120 | 120.00 | 0 | 1 |